Premier League... or La Liga? - Statistics

General Stats
  • This quiz has been taken 895 times
  • The average score is 7 of 15
Answer Stats
Question Answer % Correct
Which league has had more triumphs over Premier League teams in a Champions League final? La Liga
80%
Which league has the most teams? Both
79%
Which league has had the most unique winners of the Champions League? Premier League
78%
Which league has the Golden Boot winner with the highest amount of goals in a single season? La Liga
70%
In which league did Samuel Eto'o have the better goals-to-game ratio. La Liga
67%
Which league has had the team with the fewest wins in a single season? Premier League
65%
In which league did Xabi Alonso make the most appearances? La Liga
58%
Which league has had more triumphs over La Liga teams in a Champions League final? La Liga
57%
In which league did Cristiano Ronaldo win the most titles? Premier League
33%
Which league has had a bank as its title sponsor? Both
32%
In which league did Bojan Krkić score the most goals? Premier League
26%
In which league has Ayoze Pérez played? Premier League
19%
Which league has had the team with the most points in a single season? Both
14%
In which league has Carlo Ancelotti won the title? Premier League
7%
In which league have more Japanese players played? Both
2%
No matching quizzes found
Score Distribution
Percent of People with Each Score
Percentile by Number Answered
Your Score History
You have not taken this quiz